000 00584nam a2200217Ia 4500
003 OSt
005 20221007083049.0
006 a|||||r|||| 00| 0
007 ta
008 221006b |||||||| |||| 00| 0 eng d
024 _a46,370
037 _cDissertations
040 _aFLL
_cFLL
_beng
041 _2eng
_aeng
100 _aKAUR Savneet
_9700215
245 0 _aLegal framework on independence of judiciary
_b National and International perspective
260 _c2021
300 _a142p. xvi
_ccm.
942 _cDIS
_2CC
999 _c1168673
_d1168673